Statistics for Latest result world cup position top3 (man)

Click here to take the quiz!

General Stats

  • This quiz has been taken 20 times
  • The average score is 16 of 19

Answer Stats

Team% Correct
Australia
100%
England
100%
France
100%
Japan
100%
New Zealand
100%
China
94%
Croatia
94%
United States
94%
South Korea
89%
Spain
89%
Belgium
83%
India
83%
Argentina
78%
Italy
78%
South Africa
72%
Poland
67%
Denmark
61%
Norway
50%
Puerto Rico
17%

Score Distribution

Percentile by Number Answered

Percent of People with Each Score

Your Score History

You have not taken this quiz